000 00773na a2200277 4500
001 12714
003 MIRAKIL
005 20181213154739.0
008 160831b tu 000 0
020 _a9753894015 (c.2)
020 _a9753894007 (c.1)
020 _a975389399X (tk)
035 _a12714
040 _aMilas
_btur
_cTR-AnCHP
082 _a297.5
_bİ45 2002
090 _a297.5 İ45 2002
245 _aİlmihal
_cTürkiye Diyanet Vakfı
260 _aAnkara
_bTürkiye Diyanet Vakfı
_c2002
300 _a2 c.
_c23 sm.
490 _aKaynak Eserler
_v22
490 _aDiyanet Başkanlığı yayınları
_v323
504 _aDizin var.
505 _ac.1. İman ve ibadetler -- c.2. İslam ve toplum
650 _aİslam dini
_xİlmihal
942 _2ddc
_cBKS
999 _c214
_d214